Fr. Conceicao Rodrigues College of Engineering

Engineering Optimization (Record no. 32449)

MARC details
000 -LEADER
fixed length control field 00329nam a2200157Ia 4500
082 ## - DEWEY DECIMAL CLASSIFICATION NUMBER
Item number GAN
100 ## - MAIN ENTRY--PERSONAL NAME
Personal name Ganguli/Ranjan
245 ## - TITLE STATEMENT
Title Engineering Optimization
260 ## - PUBLICATION, DISTRIBUTION, ETC.
Name of publisher, distributor, etc. Universities Press
Date of publication, distribution, etc. 2011
366 ## - TRADE AVAILABILITY INFORMATION
Publishers's discount category 23
300 ## - PHYSICAL DESCRIPTION
Extent 257
546 ## - LANGUAGE NOTE
Language note ENGLISH
-- Info.Tech
650 ## - SUBJECT ADDED ENTRY--TOPICAL TERM
Topical term or geographic name entry element Optimization
942 ## - ADDED ENTRY ELEMENTS (KOHA)
Koha item type BOOK
Holdings
Withdrawn status Lost status Damaged status Not for loan Collection Home library Current library Date acquired Source of acquisition Cost, normal purchase price Inventory number Total Checkouts Full call number Barcode Date last seen Cost, replacement price Price effective from Koha item type Date last checked out
        CRC Fr. Agnel's C.Rodrigues College of Engineering Fr. Agnel's C.Rodrigues College of Engineering 17/03/2023 Book Base 269.50 12112 dt 12/02/2013   GAN 22524 17/03/2023 350.00   BOOK  
        CRC Fr. Agnel's C.Rodrigues College of Engineering Fr. Agnel's C.Rodrigues College of Engineering 17/03/2023 Book Base 269.50 12112 dt 12/02/2013 1 GAN 22525 27/11/2024 350.00   BOOK 25/04/2024
        CRC Fr. Agnel's C.Rodrigues College of Engineering Fr. Agnel's C.Rodrigues College of Engineering 17/03/2023 Book Base 269.50 12112 dt 12/02/2013   GAN 22526 17/03/2023 350.00   BOOK  
        CRC Fr. Agnel's C.Rodrigues College of Engineering Fr. Agnel's C.Rodrigues College of Engineering 17/03/2023 Book Base 269.50 12112 dt 12/02/2013   GAN 22527 17/03/2023 350.00   BOOK  
        CRC Fr. Agnel's C.Rodrigues College of Engineering Fr. Agnel's C.Rodrigues College of Engineering 17/03/2023 Book Base 269.50 12112 dt 12/02/2013   GAN 22528 17/03/2023 350.00   BOOK